000 00988nam a22003137a 4500
003 CHAP
005 20220329134429.0
008 971013s1984 r 00010 d
010 _a20396
011 _a21368
035 _a25458
040 _cCHAP
082 _a330.15
_bD63Y 1963
100 0 0 _aDobb, Maurice Herbert.
_933134
245 _aEstudios sobre el desarrollo del capitalismo
260 _aMéxico, D.F. :
_bSiglo XXI,
_c1984
300 _a496 p.
490 _aHistoria
500 _aTrad. de la 2 ed. de 1963
590 _aBATCH-UPD
_b10
_c20130110
_lUCH01
_h2110
590 _aCONVERSION
_b10
_c20130109
_lUCH01
_h1312
650 1 4 _aCapitalismo.
_918711
830 0 _aHistoria
_955599
901 _aBK
942 _cLIBRO
949 _a330.15 D63Y 1963
_bBC
_cLIBRO
_d33724000320982
_eLIBRO
_fc.2
_h67279
_i25458
_si
949 _a330.15 D63Y 1963
_bBC
_cLIBRO
_d33724000680633
_eLIBRO
_fc.3
_h92250
_i25458
_si
949 _a330.15 D63Y 1963
_bBC
_cMUT
_d-58657
_eMUT
_h67278
_i25458
_si
999 _c20396
_d20396